000 00952nam a2200265Ia 4500
003 OSt
005 20220926005408.0
006 a|||||r|||| 00| 0
007 ta
008 220923b |||||||| |||| 00| 0 eng d
037 _cGeneral Book
040 _aRTL
_cRTL
_beng
041 _2eng
_aeng
082 _aY5926.242.N7, L6
100 _aAggarwal Partap C
245 0 _aEquality through privilege
_b A study of special privieges of Scheduled of Privileges of Scheduled Castes in Haryana
260 _a New Delhi
_bShri Ram Centre IRHS
_c1976
300 _avi, 206p
_ccm.
490 _aShri Ram Centre for Industrial Relations and Human Resources
500 _aBibliography: P 193-96; Appendix: P 197-99; Index:P,200-06
650 _aScheduled Castes Tribes
700 _a Ashraf Mohd. Siddiq
_9310183
942 _hY5926.242.N7, L6
_cGB
_2CC
999 _c613660
_d613660